000 00258 a2200109 4500
001 50719
040 _cAnchieta - Pituba
240 1 0 _aAlmanaque Abril
_l
245 1 0 _aAlmanaque Abril
650 4 _aLínguas germânicas (teutônicas) língua alemã
942 _cMU
999 _c50719
_d50719